Alfonso XIII (Record no. 49297)

MARC details
000 -LEADER
campo de control de longitud fija 00841nam a2200229 i 4500
001 - NÚMERO DE CONTROL
campo de control 49297
003 - IDENTIFICADOR DE NÚMERO DE CONTROL
campo de control ES-MaACL
005 - FECHA Y HORA DE LA ÚLTIMA TRANSACCIÓN
campo de control 20250604062622.0
007 - CAMPO FIJO DE DESCRIPCIÓN FÍSICA--INFORMACIÓN GENERAL
campo de control de longitud fija t|
008 - DATOS DE LONGITUD FIJA--INFORMACIÓN GENERAL
campo de control de longitud fija 030714s1966 sp ||||1| spa d
100 1# - ENTRADA PRINCIPAL--NOMBRE DE PERSONA
Nombre de persona Cortés Cavanillas, Julián.
9 (RLIN) 40878
245 10 - MENCIÓN DEL TÍTULO
Título Alfonso XIII
Resto del título : vida, confesiones y muerte /
Mención de responsabilidad, etc. Julián Cortés Cavanillas ; prefacio de Winston S. Churchill ; prólogo de Ignacio Luca de Tena.
250 ## - MENCION DE EDICION
Mención de edición [1ª ed.].
260 ## - PUBLICACIÓN, DISTRIBUCIÓN, ETC.
Lugar de publicación, distribución, etc. Barcelona :
Nombre del editor, distribuidor, etc. Juventud,
Fecha de publicación, distribución, etc. [1966]
300 ## - DESCRIPCIÓN FÍSICA
Extensión 368 p., 14 lám. ;
Dimensiones 22 cm.
600 04 - PUNTO DE ACCESO ADICIONAL DE MATERIA--NOMBRE DE PERSONA
Nombre de persona Alfonso
Numeración XIII,
Títulos y otros términos asociados al nombre Rey de España
9 (RLIN) 235132
651 #4 - PUNTO DE ACCESO ADICIONAL DE MATERIA--NOMBRE GEOGRÁFICO
Nombre geográfico España-
Subdivisión general Historia-
Subdivisión cronológica 1902-1931, Alfonso XIII
9 (RLIN) 8276
700 1# - ENTRADA AGREGADA--NOMBRE PERSONAL
Nombre de persona Churchill, Winston,
Títulos y otros términos asociados al nombre Sir,
Fechas asociadas al nombre 1874-1965
9 (RLIN) 38708
700 1# - ENTRADA AGREGADA--NOMBRE PERSONAL
Nombre de persona Luca de Tena, Juan Ignacio,
Fechas asociadas al nombre 1897-1975
9 (RLIN) 74513
852 ## - LOCALIZACIÓN
Ubicación ES-MaACL
Número de control de estantería C-30184
Sublocalización o colección R.60483
Holdings
Estatus retirado Estado de pérdida Estado de daño No para préstamo Biblioteca de origen Biblioteca actual Ubicación en estantería Fecha de adquisición Fuente de adquisición Total de préstamos Signatura topográfica completa Código de barras Visto por última vez Precio de reemplazo Tipo de ítem Koha
        Biblioteca del Ateneo de Madrid Biblioteca del Ateneo de Madrid Depósito 2 17/01/2008     C-30184 1051875 23/02/2023 23/02/2023 Libro impreso